000 00421nam a2200157Ia 4500
008 230312s9999||||xx |||||||||||||| ||und||
020 _a1840466677
082 _a530
_bSCH-I
100 _aJospehn Schwartz
245 0 _aIntroducing Einstein
260 _bIcon Book
_aUK
_c2005
300 _a168
546 _aEng.
650 _aLiterature
_vPresentation of Einstein's discoveries is little short of inspired
942 _cBK
999 _c4831
_d4831